000 00337nam a22001217a 4500
008 180424b xxu||||| |||| 00| 0 eng d
041 _aeng
080 _a043.3
100 _a0
101 _aSHKI-BA
245 _aAdvanced Responsive Forms and Menus in Web Development Extending HTML 5, CSS 3, JavaScript
_cSylejmani ,A
942 _2udc
_cBK
999 _c45475
_d45475